000 00315nam a2200121Ia 4500
008 190902s9999||||xx |||||||||||||| ||und||
020 _a1-55860-596-7
100 _aDonald R. H. Byrd
245 0 _aReact Interact Situations for Communication
260 _aIndia
_bThe McGraw-Hill
_c1991
300 _a144
942 _cBK
999 _c2782
_d2782